[Event "EYTCC Open U18 2018"]
[Site "Bad Blankeburg"]
[Date "2018.07.16"]
[Round "5"]
[White "Subelj, Jan"]
[Black "Nikitenko, Mihail"]
[Result "1-0"]
[WhiteElo "2327"]
[BlackElo "2371"]
[Annotator "NA"]
[PlyCount "105"]
[EventDate "2018.07.12"]
[EventType "swiss"]
[EventCountry "GER"]
[SourceTitle "playchess.com"]
[Source "ChessBase"]
[SourceQuality "1"]
[TimeControl "40/5400+30:1800+30"]

1. e4 {[%emt 0:00:01]} e5 {[%emt 0:00:00]} 2. Nf3 {[%emt 0:00:53]} Nc6 {[%emt 0:00:00]} 3. Bb5 {[%emt 0:00:13]} a6 {[%emt 0:00:00]} 4. Ba4 {[%emt 0:00:03]} Nf6 {[%emt 0:00:00]} 5. O-O {[%emt 0:00:08]} Be7 {[%emt 0:00:00]} 6. d3 {[%emt 0:01:21]} b5 {[%emt 0:07:13]} 7. Bb3 {[%emt 0:00:39]} d6 {[%emt 0:00:16]} 8. a3 {[%emt 0:01:34]} O-O {[%emt 0:00:16]} 9. Nc3 {[%emt 0:00:04]} Bg4 {[%emt 0:00:10]} 10. Be3 {[%emt 0:00:05]} Nd4 {[%emt 0:00:04] C84: Closed Ruy Lopez: Unusual White 6th moves} 11. Bxd4 {[%emt 0:00:05]} exd4 {[%emt 0:00:04]} 12. Nd5 {[%emt 0:00:05]} Nxd5 {[%emt 0:00:04]} 13. Bxd5 {[%emt 0:00:09]} Rc8 {[%emt 0:00:03]} 14. h3 {[%emt 0:48:26] LiveBook: 7 Games} (14. a4 c6 15. Bb3 d5 16. h3 Bh5 17. axb5 axb5 18. exd5 {1-0 (47) Karjakin,S (2782)-Aronian,L (2764) Paris 2018}) 14... Bxf3 {[%emt 0:02:11]} 15. Qxf3 {[%emt 0:00:03]} c6 {[%emt 0:01:26]} 16. Bb3 {[%emt 0:01:10]} Qb6 $146 {[%emt 0:10:41]} ({Predecessor:} 16... c5 17. Bd5 c4 18. a4 {1-0 (30) Fogarasi,T (2456)-Hajnal,Z (2357) Budapest 2000}) 17. a4 {[%emt 0:02:26]} c5 {[%emt 0:04:33]} 18. axb5 {[%emt 0:00:15]} axb5 {[%emt 0:00:03]} 19. Bd5 {[%emt 0:00:25]} c4 {[%emt 0:00:05]} 20. Ra2 {[%emt 0:04:25]} cxd3 {[%emt 0:04:43]} 21. cxd3 {[%emt 0:01:36]} Qc5 {[%emt 0:05:44]} 22. Rfa1 {[%emt 0:02:10]} Bf6 {[%emt 0:00:18]} 23. Ra7 {[%emt 0:04:06]} Qc2 {[%emt 0:00:38]} 24. b3 {[%emt 0:00:28]} Rc3 {[%emt 0:11:49]} 25. Qf5 {[%emt 0:01:12]} Rc7 {[%emt 0:05:21]} 26. g3 {[%emt 0:06:10]} h6 {[%emt 0:08:41]} 27. Kg2 {[%emt 0:02:33]} Qc5 {[%emt 0:00:16]} 28. Rxc7 {[%emt 0:00:18]} Qxc7 {[%emt 0:00:04]} 29. Ra6 {[%emt 0:00:31]} Rd8 {[%emt 0:08:08]} 30. Rc6 {[%emt 0:01:40]} Qa7 {[%emt 0:00:04]} 31. Rc8 {[%emt 0:00:24]} Qe7 {[%emt 0:02:58]} 32. Rxd8+ {[%emt 0:02:14]} Qxd8 {[%emt 0:00:03]} 33. Bc6 {[%emt 0:00:11]} b4 {[%emt 0:01:00]} 34. Qb5 {[%emt 0:00:08]} Qc8 {[%emt 0:03:11]} 35. Bd5 {[%emt 0:00:11]} h5 {[%emt 0:00:04]} 36. Qxb4 {[%emt 0:00:13]} h4 {[%emt 0:00:14]} 37. Qxd6 {[%emt 0:01:33]} hxg3 {[%emt 0:00:04]} 38. Qxg3 {[%emt 0:00:13]} Qd8 {[%emt 0:02:32]} 39. b4 {[%emt 0:04:33]} Qe7 {[%emt 0:00:13]} 40. b5 {[%emt 0:00:43]} Be5 {[%emt 0:00:05]} 41. Qg4 {[%emt 0:30:43]} Bc7 {[%emt 0:30:44]} 42. Qc8+ {[%emt 0:01:02]} Kh7 {[%emt 0:00:04]} 43. Qf5+ {[%emt 0:00:06]} Kg8 {[%emt 0:00:04]} 44. f4 {[%emt 0:00:45]} Ba5 {[%emt 0:00:12]} 45. Qc8+ {[%emt 0:00:53]} Kh7 {[%emt 0:00:04]} 46. Qf5+ {[%emt 0:00:04]} Kg8 {[%emt 0:00:03]} 47. e5 {[%emt 0:00:24]} Qc7 {[%emt 0:00:04]} 48. Kf3 {[%emt 0:00:29]} Qe7 {[%emt 0:07:13]} 49. Ke4 {[%emt 0:01:42]} Bd8 {[%emt 0:02:55]} 50. e6 $18 {[%emt 0:01:13]} Qh4 {[%emt 0:00:02]} 51. exf7+ {[%emt 0:01:59]} Kf8 {[%emt 0:00:03]} 52. Qe6 {[%emt 0:04:32]} Qh7+ {[%emt 0:00:33]} 53. Kxd4 {[%emt 0:00:18]} 1-0

[Event "EYTCC Open U18 2018"]
[Site "Bad Blankeburg"]
[Date "2018.07.16"]
[Round "5"]
[White "Urban, Konstantin"]
[Black "Parkhov, Yair"]
[Result "0-1"]
[WhiteElo "2325"]
[BlackElo "2364"]
[Annotator "NA"]
[PlyCount "136"]
[EventDate "2018.07.12"]
[EventType "swiss"]
[EventCountry "GER"]
[SourceTitle "playchess.com"]
[Source "ChessBase"]
[SourceQuality "1"]
[TimeControl "40/5400+30:1800+30"]

1. e4 c6 2. d4 d5 3. Nd2 dxe4 4. Nxe4 Nf6 5. Nxf6+ exf6 6. c3 Bd6 7. Bd3 O-O 8. Qc2 Re8+ {B15: Caro-Kann: 3 Nc3: 3...g6 and 3...dxe4 4 Nxe4 Nf6 5 Nxf6+ exf6} 9. Ne2 h5 (9... g6 10. h4 Nd7 11. h5 Nf8 12. Be3 Be6 13. O-O-O a5 14. Kb1 a4 15. hxg6 fxg6 16. c4 Bf7 17. Nc3 a3 18. b3 f5 {0-1 (29) Saric,I (2669)-Jobava,B (2690) Riadh 2017}) 10. Be3 {[%emt 0:08:54]} Nd7 {[%emt 0:01:39]} 11. O-O-O {[%emt 0:15:34]} Nf8 {[%emt 0:00:15] LiveBook: 9 Partien} 12. Kb1 {[%emt 0:01:34]} Be6 {[%emt 0:00:20]} 13. Nf4 {[%emt 0:04:04]} Bxf4 {[%emt 0:01:10]} 14. Bxf4 {[%emt 0:01:03]} Ng6 $146 {[%emt 0:08:54]} ({Predecessor:} 14... b5 15. Be4 Bd5 16. Rhe1 Bxe4 17. Rxe4 {0-1 (52) Abrahamyan,T (2364)-Krush,I (2444) Saint Louis 2017}) 15. Be3 {[%emt 0:04:55]} Qd5 {[%emt 0:11:25]} 16. c4 {[%emt 0:04:24]} Qd7 {[%emt 0:00:09]} 17. Ka1 {[%emt 0:06:54]} Ne7 {[%emt 0:14:11]} 18. h3 {[%emt 0:12:08]} b5 {[%emt 0:16:30]} 19. cxb5 {[%emt 0:02:25]} cxb5 {[%emt 0:07:08]} 20. Qc5 {[%emt 0:01:13]} Qd5 {[%emt 0:02:33]} 21. Qxd5 {[%emt 0:00:26]} Bxd5 {[%emt 0:00:55]} 22. Bxb5 {[%emt 0:01:47]} Reb8 {[%emt 0:00:31]} 23. Be2 {[%emt 0:01:37]} Bxg2 {[%emt 0:04:47]} 24. Rhg1 {[%emt 0:04:50]} Be4 {[%emt 0:11:37]} 25. Bxh5 {[%emt 0:01:00]} Nc6 {[%emt 0:00:23]} 26. Rc1 {[%emt 0:15:35]} Nb4 {[%emt 0:04:21]} 27. Be2 {[%emt 0:04:40]} a5 {[%emt 0:00:56]} 28. Bd1 {[%emt 0:03:20]} Rb7 {[%emt 0:05:54]} 29. Bd2 {[%emt 0:01:08]} Nd3 {[%emt 0:05:48]} 30. Bc2 {[%emt 0:00:09]} Nxf2 {[%emt 0:00:15]} 31. Rcf1 {[%emt 0:01:56]} Bxc2 {[%emt 0:00:40]} 32. Rxf2 {[%emt 0:00:02]} Bg6 {[%emt 0:00:53]} 33. h4 {[%emt 0:00:38]} Rb5 {[%emt 0:00:14]} 34. Rc1 {[%emt 0:02:05]} Rd5 {[%emt 0:01:19]} 35. Rf4 {[%emt 0:00:36]} Rad8 {[%emt 0:01:09]} 36. b3 {[%emt 0:01:55]} a4 {[%emt 0:00:55]} 37. Rc4 {[%emt 0:00:39]} axb3 {[%emt 0:00:22]} 38. axb3 {[%emt 0:00:03]} Bd3 {[%emt 0:00:30]} 39. Rc5 {[%emt 0:01:38]} Rxd4 {[%emt 0:00:54]} 40. Rc8 {[%emt 0:01:40]} R4d7 {[%emt 0:01:18]} 41. Rxd8+ {[%emt 0:30:28]} Rxd8 {[%emt 0:30:09]} 42. Bc3 {[%emt 0:00:39]} Rc8 {[%emt 0:01:28]} 43. Kb2 {[%emt 0:00:00]} f5 {[%emt 0:00:00]} 44. Rd4 {[%emt 0:00:00]} Be4 {[%emt 0:00:00]} 45. b4 {[%emt 0:00:00]} Rb8 {[%emt 0:00:00]} 46. Kc1 {[%emt 0:00:00]} f6 {[%emt 0:00:00]} 47. Kd2 {[%emt 0:00:00]} Kh7 {[%emt 0:00:00]} 48. Rd7 {[%emt 0:00:00]} Kh6 {[%emt 0:00:00]} 49. Ke1 {[%emt 0:00:00]} Rb6 {[%emt 0:00:00]} 50. Kf2 {[%emt 0:00:00]} g5 {[%emt 0:00:00]} 51. Bd4 {[%emt 0:00:00]} Ra6 {[%emt 0:00:00]} 52. b5 {[%emt 0:00:00]} Ra2+ {[%emt 0:00:00]} 53. Ke3 {[%emt 0:00:00]} gxh4 $17 {[%emt 0:01:48]} 54. b6 {[%emt 0:00:02]} h3 {[%emt 0:02:12]} 55. b7 {[%emt 0:00:29]} Ra3+ {[%emt 0:00:04]} 56. Kf2 {[%emt 0:01:09]} Rb3 {[%emt 0:00:07]} 57. Rd8 {[%emt 0:01:12]} Bxb7 {[%emt 0:00:55]} 58. Rh8+ {[%emt 0:00:43]} Kg7 {[%emt 0:00:39]} 59. Rh4 {[%emt 0:00:15]} Bg2 {[%emt 0:00:24]} 60. Be3 {[%emt 0:01:01]} Rb2+ {[%emt 0:01:10]} 61. Kg1 {[%emt 0:01:13]} Re2 {[%emt 0:00:30]} 62. Bf4 {[%emt 0:00:35]} Re8 {[%emt 0:00:53]} 63. Kf2 {[%emt 0:01:05]} Re4 {[%emt 0:00:39]} 64. Kg1 {[%emt 0:00:48]} Kf7 {[%emt 0:00:51]} 65. Kf2 {[%emt 0:00:30]} Ke6 {[%emt 0:00:17]} 66. Kg3 {[%emt 0:00:14]} Rc4 {[%emt 0:00:53]} 67. Rh8 {[%emt 0:00:16]} Rc3+ {[%emt 0:00:10]} 68. Kf2 {[%emt 0:00:15]} Rf3+ {[%emt 0:00:08]} 0-1

[Event "EYTCC Open U18 2018"]
[Site "Bad Blankeburg"]
[Date "2018.07.16"]
[Round "5"]
[White "Vasiesiu, Victor"]
[Black "Morgunov, Daniel"]
[Result "1-0"]
[WhiteElo "2295"]
[BlackElo "2346"]
[Annotator "NA"]
[PlyCount "71"]
[EventDate "2018.07.12"]
[EventType "swiss"]
[EventCountry "GER"]
[SourceTitle "playchess.com"]
[Source "ChessBase"]
[SourceQuality "1"]
[TimeControl "40/5400+30:1800+30"]

1. e4 {[%emt 0:00:00]} e5 {[%emt 0:00:00]} 2. Nf3 {[%emt 0:00:00]} Nc6 {[%emt 0:00:00]} 3. Bc4 {[%emt 0:00:44]} Bc5 {[%emt 0:00:00]} 4. c3 {[%emt 0:02:32]} Nf6 {[%emt 0:00:00]} 5. d3 {[%emt 0:00:05]} a6 {[%emt 0:00:06]} 6. h3 {[%emt 0:02:32]} Ba7 {[%emt 0:00:59]} 7. Bb3 {[%emt 0:00:55]} d6 {[%emt 0:00:07]} 8. Nbd2 {[%emt 0:00:14]} O-O {[%emt 0:04:59]} 9. Nf1 {[%emt 0:00:24]} Be6 {[%emt 0:07:02] C54: Giuoco Piano: 4 c3 Nf6, main lines with 5 d4 and 5 d3} (9... Ne7 10. Ng3 Ng6 11. O-O h6 12. d4 Re8 13. Re1 b5 14. Be3 Bb7 15. Bc2 exd4 16. Nxd4 d5 17. Nb3 Bxe3 18. Rxe3 {½-½ (55) Miton,K (2584)-Bacrot,E (2725) Riadh 2017}) 10. Ng3 {[%emt 0:01:35]} Bxb3 {[%emt 0:01:02]} 11. axb3 {[%emt 0:00:42]} h6 {[%emt 0:03:34]} 12. O-O {[%emt 0:05:38]} d5 {[%emt 0:01:56]} 13. Qe2 {[%emt 0:00:10]} Qd7 {[%emt 0:02:23] LiveBook: 3 Partien} 14. Nh4 {[%emt 0:04:47]} Rad8 {[%emt 0:06:28]} 15. Nh5 {[%emt 0:15:56]} Qe6 $146 {[%emt 0:09:43]} ({Predecessor:} 15... Nxh5 16. Qxh5 dxe4 17. dxe4 {0-1 (64) Van Weersel,A (2233)-Genba,V (2429) Pardubice 2008}) 16. Nxf6+ {[%emt 0:10:19]} Qxf6 {[%emt 0:00:16]} 17. Nf5 {[%emt 0:00:08]} Ne7 {[%emt 0:06:33]} 18. Nxe7+ {[%emt 0:08:40]} Qxe7 19. b4 {[%emt 0:00:14]} Qd7 {[%emt 0:13:11]} 20. Ra5 {[%emt 0:06:12]} Qe6 {[%emt 0:11:27]} 21. Re1 {[%emt 0:04:23]} Rfe8 {[%emt 0:10:48]} 22. exd5 {[%emt 0:01:48]} Rxd5 {[%emt 0:00:07]} 23. Rxd5 {[%emt 0:00:03]} Qxd5 {[%emt 0:00:06]} 24. d4 {[%emt 0:00:06]} e4 {[%emt 0:04:53]} 25. Bf4 {[%emt 0:03:51]} c6 {[%emt 0:02:38]} 26. Qg4 {[%emt 0:02:52]} Re6 {[%emt 0:05:19]} 27. Re3 {[%emt 0:01:44]} f5 {[%emt 0:00:50]} 28. Qh5 {[%emt 0:02:50]} Re7 {[%emt 0:07:14]} 29. Rg3 {[%emt 0:01:25]} Qf7 {[%emt 0:00:06]} 30. Qxh6 {[%emt 0:00:32]} Kf8 {[%emt 0:01:41]} 31. Qd6 {[%emt 0:02:23]} Ke8 {[%emt 0:00:36]} 32. Bg5 {[%emt 0:00:48]} Rd7 {[%emt 0:00:31]} 33. Qe5+ {[%emt 0:00:05]} Kf8 {[%emt 0:00:09]} 34. Bh6 {[%emt 0:00:11]} Qe8 {[%emt 0:01:44]} 35. Bxg7+ {[%emt 0:00:47]} Kf7 {[%emt 0:00:27]} 36. Qf6+ {[%emt 0:00:20]} 1-0

[Event "EYTCC Open U18 2018"]
[Site "Bad Blankeburg"]
[Date "2018.07.16"]
[Round "5"]
[White "Stevanic, David"]
[Black "Siniauski, Artsiom"]
[Result "1-0"]
[WhiteElo "2253"]
[BlackElo "1967"]
[Annotator "NA"]
[PlyCount "149"]
[EventDate "2018.07.12"]
[EventType "swiss"]
[EventCountry "GER"]
[SourceTitle "playchess.com"]
[Source "ChessBase"]
[SourceQuality "1"]
[BlackTeam "Belarus"]
[BlackTeamCountry "BLR"]
[TimeControl "40/5400+30:1800+30"]

1. e4 {[%emt 0:00:00]} e6 {[%emt 0:00:00]} 2. d4 {[%emt 0:00:00]} d5 {[%emt 0:00:00]} 3. Nc3 {[%emt 0:00:00]} Nf6 {[%emt 0:00:00]} 4. e5 {[%emt 0:00:00]} Nfd7 {[%emt 0:00:00]} 5. f4 {[%emt 0:00:00]} c5 {[%emt 0:00:00]} 6. Nf3 {[%emt 0:00:00]} Nc6 {[%emt 0:00:00]} 7. Be3 {[%emt 0:00:06]} a6 {[%emt 0:00:08]} 8. Qd2 {[%emt 0:00:33]} b5 {[%emt 0:00:07]} 9. Nd1 {[%emt 0:01:23]} Qb6 {[%emt 0:00:48]} 10. Be2 {[%emt 0:01:23]} cxd4 {[%emt 0:07:24] C11: Französische Verteidigung} 11. Nxd4 {[%emt 0:00:28]} Bc5 {[%emt 0:00:21]} (11... Nxd4 12. Bxd4 Bc5 13. c3 b4 14. O-O a5 15. Bg4 O-O 16. Ne3 Ba6 17. Rfe1 g6 18. Nxd5 exd5 19. Bxd7 {0-1 (43) Ponomariov,R (2712)-Wang,H (2717) Huaian 2016}) 12. c3 {[%emt 0:00:35]} Bb7 {[%emt 0:09:38]} 13. O-O {[%emt 0:00:36]} b4 {[%emt 0:01:00]} 14. Kh1 {[%emt 0:13:12]} bxc3 {[%emt 0:05:56]} 15. bxc3 {[%emt 0:00:35]} Na5 $146 {[%emt 0:01:02]} ({Vorgänger:} 15... O-O $11 16. Nb2 Qa5 17. Qc2 Rac8 18. Nb3 Qa3 19. Bc1 Be7 20. Bd3 f5 21. Qe2 Na5 22. Nc4 Nxb3 23. Bxa3 Bxa3 24. axb3 dxc4 25. Bxc4 {1-0 (25) Ponkratov,P (2593)-Papayan,O (2285) Khanty-Mansiysk 2011}) 16. Nb2 {[%emt 0:08:04]} O-O {[%emt 0:09:11]} 17. Rf3 {[%emt 0:08:15]} Bc6 {[%emt 0:11:56]} 18. Rh3 {[%emt 0:14:24]} Rab8 {[%emt 0:04:47]} 19. Nd1 {[%emt 0:03:31]} Nc4 {[%emt 0:04:36]} 20. Bxc4 {[%emt 0:01:43]} dxc4 {[%emt 0:00:18]} 21. Qc2 {[%emt 0:02:42]} h6 {[%emt 0:09:23]} 22. f5 {[%emt 0:10:16]} exf5 {[%emt 0:06:21]} 23. Nxf5 {[%emt 0:09:12]} Bxe3 {[%emt 0:04:38]} 24. Rxe3 {[%emt 0:08:28]} Nc5 {[%emt 0:05:21]} 25. Qe2 {[%emt 0:05:38]} Bd7 {[%emt 0:04:42]} 26. Nd6 {[%emt 0:02:03]} Be6 {[%emt 0:05:24]} 27. Nxc4 {[%emt 0:02:04]} Bxc4 {[%emt 0:00:56]} 28. Qxc4 {[%emt 0:00:05]} Ne6 {[%emt 0:00:05]} 29. Re1 {[%emt 0:02:08]} Rfc8 {[%emt 0:00:28]} 30. Qg4 {[%emt 0:00:56]} Rc5 {[%emt 0:01:46]} 31. Qg3 {[%emt 0:01:30]} Rbc8 {[%emt 0:00:33]} 32. Rc1 {[%emt 0:00:27]} Qa5 {[%emt 0:00:38]} 33. h3 {[%emt 0:00:37]} Qxa2 {[%emt 0:05:09]} 34. Nf2 {[%emt 0:01:29]} Rxc3 {[%emt 0:01:16]} 35. Rxc3 {[%emt 0:00:35]} Rxc3 {[%emt 0:00:03]} 36. Qxc3 {[%emt 0:00:06]} Qxf2 {[%emt 0:00:04]} 37. Rc1 {[%emt 0:02:22]} Nd4 {[%emt 0:01:02]} 38. Qc8+ Kh7 {[%emt 0:00:06]} 39. Qxa6 {[%emt 0:02:01]} Qe3 {[%emt 0:00:54]} 40. Rd1 {[%emt 0:01:07]} Ne6 {[%emt 0:03:18]} 41. Qd3+ {[%emt 0:13:49]} Qxd3 {[%emt 0:00:10]} 42. Rxd3 {[%emt 0:00:04]} Ng5 {[%emt 0:05:44]} 43. Rd7 {[%emt 0:04:04]} Kg8 {[%emt 0:01:20]} 44. Rd8+ {[%emt 0:01:24]} Kh7 {[%emt 0:00:08]} 45. Rf8 {[%emt 0:01:28]} g6 {[%emt 0:01:40]} 46. h4 {[%emt 0:05:07]} Kg7 {[%emt 0:00:23]} 47. Re8 $2 {[%emt 0:03:33]} (47. hxg5 Kxf8 48. gxh6) 47... Ne6 {[%emt 0:01:51]} 48. g4 {[%emt 0:00:46]} Nc7 {[%emt 0:01:45]} 49. Re7 {[%emt 0:01:07]} Nd5 {[%emt 0:00:03]} 50. Rd7 {[%emt 0:00:32]} Nf4 {[%emt 0:00:04]} 51. Kh2 {[%emt 0:00:29]} Ne6 {[%emt 0:00:26]} 52. Kg3 {[%emt 0:00:15]} Nc5 {[%emt 0:00:09]} 53. Ra7 {[%emt 0:00:27]} Ne6 {[%emt 0:00:41]} 54. Kf3 {[%emt 0:00:12]} Nc5 {[%emt 0:03:24]} 55. Ke3 {[%emt 0:00:09]} Kf8 {[%emt 0:01:52]} 56. Kd4 {[%emt 0:01:19]} Ne6+ {[%emt 0:00:52]} 57. Ke4 {[%emt 0:00:16]} Nc5+ {[%emt 0:01:15]} 58. Kd5 $18 {[%emt 0:00:10]} Ne6 {[%emt 0:00:04]} 59. Ra8+ {[%emt 0:01:56]} Kg7 {[%emt 0:00:59]} 60. Ra4 {[%emt 0:00:34]} Kf8 {[%emt 0:01:52]} 61. Kd6 {[%emt 0:00:30]} g5 {[%emt 0:00:10]} 62. h5 {[%emt 0:00:18]} Nf4 {[%emt 0:00:03]} 63. Ra8+ {[%emt 0:00:20]} Kg7 {[%emt 0:00:04]} 64. Rc8 {[%emt 0:01:27]} Ne6 {[%emt 0:01:29]} 65. Ke7 {[%emt 0:00:29]} Nf4 {[%emt 0:00:16]} 66. Rd8 {[%emt 0:00:56]} Ne6 {[%emt 0:06:10]} 67. Rd7 {[%emt 0:00:21]} Nc5 {[%emt 0:03:20]} 68. Rd6 {[%emt 0:01:45]} Ne4 {[%emt 0:01:25]} 69. Rf6 {[%emt 0:00:16]} Nxf6 {[%emt 0:00:42]} 70. exf6+ {[%emt 0:00:05]} Kg8 {[%emt 0:00:05]} 71. Ke8 {[%emt 0:00:04]} Kh8 {[%emt 0:00:06]} 72. Kxf7 {[%emt 0:00:05]} Kh7 {[%emt 0:00:03]} 73. Ke7 {[%emt 0:00:09]} Kh8 {[%emt 0:00:05]} 74. f7 {[%emt 0:00:07]} Kh7 {[%emt 0:00:04]} 75. f8=R {[%emt 0:00:09]} 1-0

[Event "EYTCC Open U18 2018"]
[Site "Bad Blankeburg"]
[Date "2018.07.17"]
[Round "6"]
[White "Keymer, Vincent"]
[Black "Banzea, Alexandru-Bogdan"]
[Result "1-0"]
[WhiteElo "2466"]
[BlackElo "2337"]
[Annotator "TA"]
[PlyCount "51"]
[EventDate "2018.07.12"]
[EventType "swiss"]
[EventCountry "GER"]
[SourceTitle "playchess.com"]
[Source "ChessBase"]
[SourceQuality "1"]

{[%evp 20,51,3,8,52,57,103,85,88,89,102,93,140,163,179,192,198,183,209,232,308,235,435,410,419,410,877,874,1704,734,1773,1702,1431,1643]} 1. d4 Nf6 {[%cal Bg8f6,Bf6d5,Bd5b4,Bb4c6,Bc6d4][%mdl 32]} 2. c4 g6 3. g3 Bg7 4. Bg2 d5 5. cxd5 Nxd5 6. e4 Nb4 7. a3 N4c6 8. d5 Nd4 9. Nc3 O-O {D72: Fianchetto Grünfeld: 5 cxd5 Nxd5 6 e4 Nb6 (without Nf3)} 10. Be3 c5 11. Nge2 {[%cal Re2d4] LiveBook: 3 Games} Bg4 {The position is equal.} (11... e5 12. O-O b6 13. f4 Nd7 14. h3 Ba6 15. Rf2 f5 16. fxe5 Nxe2+ 17. Nxe2 Nxe5 18. exf5 {½-½ (25) Kharitonov,A (2538)-Nikolenko,O (2536) Moscow 2010}) 12. O-O Nxe2+ 13. Nxe2 {[%cal Bc3e2,Be2f4,Bf4d5,Bd5f6][%mdl 32]} Bxb2 14. Rb1 $146 {[%cal Ba1b1,Bb1b7,Bb7e7][%mdl 32]} ({Predecessor:} 14. Ra2 Bxe2 15. Qxe2 Bd4 16. Bxd4 cxd4 {½-½ (42) Paris,P (986)-Nordin,N (1886) IECG email 1999}) 14... Bxa3 15. Rxb7 Qc8 16. Rxe7 {[#] And now Qa1 would win.} Qa6 17. Qa1 {Black must now prevent Bh6.} Bb4 18. Nf4 $36 {[%mdl 2048] Qxa6 is the strong threat. Black is under strong pressure.} Qxa1 19. Rxa1 a5 20. e5 a4 $2 (20... Nd7 21. h3 Nxe5) 21. d6 $18 Ra5 22. Nd5 Be6 (22... Kg7 $142 23. Bg5 h5 24. Bf6+ Kh6) 23. Bh6 {White is clearly winning.} Rd8 24. Nf6+ Kh8 {[#]} 25. Bh3 $1 {[%mdl 512]} Nc6 (25... Bxh3 26. Rxf7) 26. Bxe6 {Precision: White = 74%, Black = 45%.} 1-0

[Event "EYTCC Open U18 2018"]
[Site "Bad Blankeburg"]
[Date "2018.07.17"]
[Round "6"]
[White "Gavrilescu, David"]
[Black "Vogel, Roven"]
[Result "1-0"]
[WhiteElo "2451"]
[BlackElo "2467"]
[Annotator "ChessBase"]
[PlyCount "99"]
[EventDate "2018.07.12"]
[EventType "swiss"]
[EventCountry "GER"]
[SourceTitle "playchess.com"]
[Source "ChessBase"]
[SourceQuality "1"]
[TimeControl "40/5400+30:1800+30"]

1. e4 {[%emt 0:00:00]} c6 {[%emt 0:00:00]} 2. d4 {[%emt 0:00:36]} d5 {[%emt 0:00:15]} 3. exd5 {[%emt 0:00:32]} cxd5 {[%emt 0:00:10]} 4. Bd3 {[%emt 0:00:30]} Nc6 {[%emt 0:00:09]} 5. c3 {[%emt 0:00:34]} Nf6 {[%emt 0:00:09]} 6. Bf4 {[%emt 0:00:39]} Bg4 {[%emt 0:00:12]} 7. Qb3 {[%emt 0:00:19]} e5 {[%emt 0:00:16]} 8. h3 {[%emt 0:01:05]} Na5 {[%emt 0:00:10]} 9. Qc2 {[%emt 0:00:29]} exf4 {[%emt 0:00:10]} 10. hxg4 {[%emt 0:00:08]} Nxg4 {[%emt 0:00:11]} 11. Qe2+ {[%emt 0:00:18]} Qe7 {[%emt 0:00:12]} 12. Nh3 {[%emt 0:00:29]} f3 {[%emt 0:03:26]} 13. gxf3 {[%emt 0:00:39]} Nf6 {[%emt 0:03:38]} 14. Nd2 {[%emt 0:06:44]} O-O-O {[%emt 0:03:04]} 15. Qxe7 {[%emt 0:09:56]} Bxe7 {[%emt 0:00:11]} 16. Nf1 {[%emt 0:00:18]} g6 {[%emt 0:06:19]} 17. Ne3 {[%emt 0:03:03]} Bd6 {[%emt 0:09:14]} 18. Kd2 {[%emt 0:03:55]} Nc6 {[%emt 0:02:26]} 19. b4 {[%emt 0:13:14]} Rd7 {[%emt 0:04:58]} 20. a4 {[%emt 0:05:55]} Ne7 {[%emt 0:25:23]} 21. a5 {[%emt 0:05:22]} Nh5 {[%emt 0:02:22]} 22. Ng5 {[%emt 0:07:22]} f6 {[%emt 0:05:43]} 23. Nf7 {[%emt 0:05:24]} Rf8 {[%emt 0:00:07]} 24. Nxd6+ {[%emt 0:01:41]} Rxd6 {[%emt 0:00:02]} 25. Nf5 {[%emt 0:01:48]} Nxf5 {[%emt 0:05:36]} 26. Bxf5+ {[%emt 0:00:19]} Kb8 {[%emt 0:01:21]} 27. Bg4 {[%emt 0:05:53]} Nf4 {[%emt 0:00:44]} 28. Rxh7 {[%emt 0:00:07]} Re8 {[%emt 0:00:56]} 29. Re1 {[%emt 0:00:15]} Rdd8 {[%emt 0:02:03]} 30. Bd7 {[%emt 0:03:27]} Rxe1 {[%emt 0:03:15]} 31. Kxe1 {[%emt 0:00:37]} a6 {[%emt 0:00:36]} 32. Kd2 {[%emt 0:04:34]} Kc7 {[%emt 0:02:15]} 33. Ba4+ {[%emt 0:01:13]} Kb8 {[%emt 0:01:23]} 34. Rh4 {[%emt 0:02:25]} g5 {[%emt 0:02:00]} 35. Rh7 {[%emt 0:00:54]} Rd6 {[%emt 0:01:06]} 36. Bd7 {[%emt 0:01:44]} Ng2 {[%emt 0:04:24]} 37. Rh8+ {[%emt 0:03:36]} Ka7 {[%emt 0:00:07]} 38. Rh7 {[%emt 0:01:14]} Kb8 {[%emt 0:00:07]} 39. Kd1 {[%emt 0:04:17]} Nf4 {[%emt 0:01:18]} 40. Kc2 {[%emt 0:01:46]} Ng2 {[%emt 0:01:52]} 41. Kb3 {[%emt 0:32:44]} Ne1 {[%emt 0:34:21]} 42. b5 {[%emt 0:03:43]} axb5 {[%emt 0:00:39]} 43. Kb4 {[%emt 0:00:19]} Nd3+ {[%emt 0:04:27]} 44. Kxb5 {[%emt 0:00:00]} Nf4 {[%emt 0:00:00]} 45. Kc5 {[%emt 0:00:00]} Ra6 {[%emt 0:00:00]} 46. Bb5 {[%emt 0:00:00]} Re6 {[%emt 0:00:00]} 47. Rf7 {[%emt 0:00:00]} Re1 {[%emt 0:00:00]} 48. Rxf6 {[%emt 0:00:00]} Rc1 {[%emt 0:00:00]} 49. Kb6 {[%emt 0:00:00]} Rxc3 {[%emt 0:00:00]} 50. Rf7 {[%emt 0:00:00]} 1-0